[Event "TIPC 2013"]
[Site "Charleroi"]
[Date "2013.08.03"]
[Round "9.9"]
[White "Uhoda, Philippe"]
[Black "Lacroix, Bruno"]
[Result "1-0"]
[LiveChessVersion "1.4-u16"]
[BlackElo "2207"]
[WhiteElo "2117"]

1. d4  Nf6  2. c4  e6
 3. Nc3  Bb4  4. Bd2
 d5  5. Nf3  O-O 
6. e3  b6  7. Rc1  Bb7
 8. Qb3  Be7  9. Be2
 Nbd7  10. O-O  c5
 11. Rfd1  Qc7  12. cxd5
 exd5  13. Nb5  Qd8
 14. dxc5  bxc5  15. Bc3
 Ne4  16. Be1  Qb6
 17. a4  Bc6  18. Qc2
 Rac8  19. Nd2  Nef6
 20. Nf3  Rfe8  21. b3
 a6  22. a5  Qa7 
23. Nxa7 1-0